Cost of accessing the property ladder 42% higher in rural areas compared to urban (Record no. 83435)

MARC details
000 -LEADER
fixed length control field 01237cad a22002175a 4500
001 - CONTROL NUMBER
control field L153974
008 - FIXED-LENGTH DATA ELEMENTS--GENERAL INFORMATION
fixed length control field 110928e20110926xxk 000 0 eng d
035 ## - SYSTEM CONTROL NUMBER
System control number (Sirsi) u153974
041 0# - LANGUAGE CODE
Language code of text/sound track or separate title eng
110 2# - MAIN ENTRY--CORPORATE NAME
Corporate name or jurisdiction name as entry element Hometrack
9 (RLIN) 4704
245 00 - TITLE STATEMENT
Title Cost of accessing the property ladder 42% higher in rural areas compared to urban
Medium [electronic resource]
260 ## - PUBLICATION, DISTRIBUTION, ETC.
Date of publication, distribution, etc. 2011
490 ## - SERIES STATEMENT
Series statement Hometrack Press Release
Volume/sequential designation 26 September 2011
520 ## - SUMMARY, ETC.
Summary, etc. Income needed to access the first rung of the property ladder in a rural location is £46 500 which is considerably more than in urban areas wherea comparable home can be bought for £32 750. The high cost of rural housing is a function of a number of fundamental factors including a shortage of supply combined with increasing demand with the rural population predicted to rise by 16% by 2028 compared to 9% in urban areas.
590 ## - LOCAL NOTE (RLIN)
Local note KA NTK
651 #4 - SUBJECT ADDED ENTRY--GEOGRAPHIC NAME
Geographic name England and Wales
Chronological subdivision 1543-
690 ## - LOCAL SUBJECT ADDED ENTRY--TOPICAL TERM (OCLC, RLIN)
Topical term or geographic name as entry element PROPERTY-RESIDENTIAL PROPERTY-RESIDENTIAL PROPERTY MARKET
690 ## - LOCAL SUBJECT ADDED ENTRY--TOPICAL TERM (OCLC, RLIN)
Topical term or geographic name as entry element PROPERTY-RURAL AND NATURAL ASSETS
856 40 - ELECTRONIC LOCATION AND ACCESS
Uniform Resource Identifier <a href="https://www.hometrack.co.uk/documents/Richard_Donnell/PlanningRuralvsUrban.pdf?dm_i=DB1,JTTA,1O9UWS,1M24C,1">https://www.hometrack.co.uk/documents/Richard_Donnell/PlanningRuralvsUrban.pdf?dm_i=DB1,JTTA,1O9UWS,1M24C,1</a>
Public note View the item free of charge at www.hometrack.co.uk
942 ## - ADDED ENTRY ELEMENTS (KOHA)
Suppress in OPAC 0
Holdings
Withdrawn status Lost status Source of classification or shelving scheme Damaged status Not for loan Home library Current library Shelving location Date acquired Total Checkouts Full call number Barcode Date last seen Copy number Price effective from Koha item type
    Dewey Decimal Classification     Virtual Virtual Online 28/09/2011   ONLINE PUBLICATION 153974-2001 06/08/2019 1 06/08/2019 Journal article